Falling off cloud nine and other high places / (Record no. 8609)
[ view plain ]
| 000 -LEADER | |
|---|---|
| fixed length control field | 00977pam a2200313 a 4500 |
| 001 - CONTROL NUMBER | |
| control field | 899484 |
| 003 - CONTROL NUMBER IDENTIFIER | |
| control field | OSt |
| 005 - DATE AND TIME OF LATEST TRANSACTION | |
| control field | 20140310182033.0 |
| 008 - FIXED-LENGTH DATA ELEMENTS--GENERAL INFORMATION | |
| fixed length control field | 810814s1981 mnua j 000 0 eng |
| 010 ## - LIBRARY OF CONGRESS CONTROL NUMBER | |
| LC control number | 81038465 |
| 020 ## - INTERNATIONAL STANDARD BOOK NUMBER | |
| International Standard Book Number | 0871231670 (pbk.) : |
| Terms of availability | $3.95 |
| 040 ## - CATALOGING SOURCE | |
| Original cataloging agency | DLC |
| Transcribing agency | DLC |
| Modifying agency | DLC |
| 042 ## - AUTHENTICATION CODE | |
| Authentication code | lcac |
| 050 00 - LIBRARY OF CONGRESS CALL NUMBER | |
| Classification number | BV 4850 |
| Item number | .P45 1981 |
| 082 00 - DEWEY DECIMAL CLASSIFICATION NUMBER | |
| Classification number | HS 248.8 |
| Item number | P44 1981 |
| 100 1# - MAIN ENTRY--PERSONAL NAME | |
| Personal name | Peterson, Lorraine |
| 9 (RLIN) | 10377 |
| 245 10 - TITLE STATEMENT | |
| Title | Falling off cloud nine and other high places / |
| Statement of responsibility, etc | Lorraine Peterson. |
| 260 ## - PUBLICATION, DISTRIBUTION, ETC. (IMPRINT) | |
| Place of publication, distribution, etc | Minneapolis, Minn. : |
| Name of publisher, distributor, etc | Bethany House, |
| Date of publication, distribution, etc | c1981. |
| 300 ## - PHYSICAL DESCRIPTION | |
| Extent | 159 p. : |
| Other physical details | ill. ; |
| Dimensions | 22 cm. |
| 440 #0 - SERIES STATEMENT/ADDED ENTRY--TITLE | |
| Title | Devotionals for teens ; |
| Volume number/sequential designation | #2 |
| 9 (RLIN) | 10378 |
| 650 #0 - SUBJECT ADDED ENTRY--TOPICAL TERM | |
| Topical term or geographic name as entry element | Youth |
| Form subdivision | Prayers and devotions. |
| 9 (RLIN) | 10379 |
| 650 #1 - SUBJECT ADDED ENTRY--TOPICAL TERM | |
| Topical term or geographic name as entry element | Prayer books and devotions. |
| 9 (RLIN) | 10380 |
| 650 #1 - SUBJECT ADDED ENTRY--TOPICAL TERM | |
| Topical term or geographic name as entry element | Conduct of life. |
| 9 (RLIN) | 1175 |
| 700 1# - ADDED ENTRY--PERSONAL NAME | |
| Personal name | Dugan, LeRoy, |
| Relator term | ill. |
| 9 (RLIN) | 10381 |
| 700 1# - ADDED ENTRY--PERSONAL NAME | |
| Personal name | Ahlquist, Neil, |
| Relator term | ill. |
| 9 (RLIN) | 10382 |
| 906 ## - LOCAL DATA ELEMENT F, LDF (RLIN) | |
| a | 7 |
| b | cbc |
| c | orignew |
| d | 1 |
| e | ocip |
| f | 19 |
| g | y-gencatlg |
| 942 ## - ADDED ENTRY ELEMENTS (KOHA) | |
| Source of classification or shelving scheme | Library of Congress Classification |
| Koha item type | |
| Withdrawn status | Lost status | Source of classification or shelving scheme | Damaged status | Home library | Current library | Shelving location | Date acquired | Total Checkouts | Full call number | Barcode | Date last seen | Copy number | Price effective from | Koha item type |
|---|---|---|---|---|---|---|---|---|---|---|---|---|---|---|
| Library of Congress Classification | Luxembourg Library | Luxembourg Library | High School Section | 08/14/2013 | BV 4850 .P45 1981 | 10000 | 01/06/2016 | 1 | 08/14/2013 | Books |